| 000 | 00654nam a2200205 a 4500 | ||
|---|---|---|---|
| 005 | 20140412111301.0 | ||
| 008 | 010307s19uu xx 00 eng d | ||
| 020 | _a0-02-737472-6 | ||
| 050 |
_aER _bDu858 1991 |
||
| 100 | _aGretz, Susanna | ||
| 245 |
_aDuck takes off / _cSusanna Gretz. |
||
| 250 | _a1st American Ed. | ||
| 260 |
_aNew York : _bFour Winds Press, _c1991. |
||
| 300 | _a1 v . (unp.) ; ill. | ||
| 520 | _aDuck, Rabbit, and Frog have trouble playing school when each possesses such different skills from the other. | ||
| 650 | _aAnimals -- Fiction | ||
| 650 | _aFriendship -- Fiction | ||
| 650 | _aPlay -- Fiction | ||
| 999 |
_c103418 _d103418 |
||